000 01013nam a2200313 i 4500
001 bgj
100 1 _aSHERMAN, William Tecumseh
_d(1820-1891)
245 1 0 _aMemoirs of General W. T. Sherman /
_cWiliam Tecumseh Sherman ; [edited by] Charles Royster.
260 _aNew York :
_bLiterary Classics of the United States,
_cc. 1990.
300 _a1136 pp :
_bill. ;
_c21 cm.
490 1 _aThe Library of America ;
_v51
505 _aIncludes index.
600 1 9 _aSherman William Tecumseh, 1820-1891
650 9 _aGenerals
_zUnited States
650 9 _aUnited States. Army
651 9 _aUnited States
_xHistory
_xCivil War, 1861-1865
655 _aBiographies
655 _aPersonal narratives
655 _aCampaigns
655 _aMemoirs
700 1 _aROYSTER, Charles.
_eeditor
830 _aThe Library of America ;
020 _a0940450658 (hbk, jacket)
040 _cBPK
041 0 _aeng
920 _a0-940450-65-8 (hbk, jacket)
942 _cKS
008 s uk f |000 0 eng
999 _c47234
_d47234
856 _uhttp://koha.tu.koszalin.pl/cgi-bin/koha/opac-detail.pl?biblionumber=47234
_yKatalog online BPK